Statistiques concernant Les 20 préfectures les plus proches de Toulon

Cliquez ici pour prendre le quiz!

Statistiques générales

  • Ce quiz a été pris 107 fois
  • Le résultat moyen est 15 sur 20

Statistiques - réponses

distance (en km)ville préfecture% Correct
49Marseille
100%
126Nice
100%
175Montpellier
93%
306Lyon
89%
150Nimes
88%
160Gap
87%
129Avignon
85%
230Grenoble
84%
218Valence
80%
285Saint-Etienne
74%
110Digne les Bains
71%
272Chambéry
70%
290.90Carcassonne
69%
252Perpignan
67%
249Mende
65%
209Privas
63%
303Rodez
63%
290.89Bastia
62%
266Ajaccio
61%
269Le Puy en Velay
54%

Distribution des résultats

Percentile par nombre de réponses

% des personnes avec chaque résultat

Votre développement - résultats

Vous n’avez pas pris ce quiz